| 000 | 01870nam2a2200241 4500 | ||
|---|---|---|---|
| 001 | RU\NLR\BIBL_A\022786176 | ||
| 005 | 20260416113733.0 | ||
| 035 | _a(NLR Aleph) 022786176 | ||
| 090 |
_a13690566 _c13690566 |
||
| 100 | _a20041126d1985 u y0rusy50 ca | ||
| 101 | 0 | _arus | |
| 102 | _aRU | ||
| 105 | _ay ac 000yy | ||
| 200 | 0 |
_a... за 1981-1984 гг. _eбиблиографический указатель отечественной и зарубежной литературы ... _fМинистерство лесной промышленности СССР, ... _gсоставитель А. Я. Каменская |
|
| 210 | _d1985 | ||
| 215 | _a362, [2] с. | ||
| 225 | 1 | _aВ помощь реализации Продовольственной программы | |
| 461 | 0 |
_1001rc\1125955 _12001#$aПроизводство бумажной и картонной тары$eБиблиогр. указ. отеч. и иностр. лит. ...$fВсесоюз. н.-и. и проект. ин-т экономики орг. упр. пр-вом и информ. по лесн., целлюлоз.-бум. и деревообраб. пром-сти. Центр науч.-техн. б-ка лесн. и бум. пром-сти$v... за 1981-1984 гг. _95067833 _cМ. _d1981 _fВсесоюз. н.-и. и проект. ин-т экономики, орг. упр. пр-вом и информ. по лесн., целлюлоз.-бум. и деревообраб. пром-сти. Центр науч.-техн. б-ка лесн. и бум. пром-сти _nВНИПИЭИлеспром _oБиблиогр. указ. отеч. и иностр. лит. ... _tПроизводство бумажной и картонной тары _v... за 1981-1984 гг. |
|
| 852 |
_aNLR _bС _jК-2/1046 |
||
| 942 | _cBOOK | ||
| 980 | _aNB | ||